000 00414nam a2200133Ia 4500
008 151001s9999||||xx |||||||||||||| ||und||
100 _aराजा बढे
245 _aरसलीना
250 _a1
260 _bमहाराष्ट्र राज्य साहित्य संस्कुती मंडळ मुंबई
260 _c1983
300 _a238
365 _b21
999 _c963971
_d963968